[Event "DVM U10 2020"]
[Site "Magdeburg GER"]
[Date "2021.08.07"]
[Round "3"]
[White "Wagner, Cosima"]
[Black "Ciur, Andrei"]
[Result "0-1"]
[Termination "normal"]
[Board "2.4"]
[WhiteElo "970"]
[BlackElo "1088"]
[WhiteClock "00:22:04"]
[BlackClock "00:33:48"]
[WhiteTeam "TV Tegernsee"]
[BlackTeam "SC Borussia Lichtenberg"]
[PlyCount "76"]
[WhiteFideId "34603484"]
[BlackFideId "13912720"]
[EventCountry "GER"]
[EventRounds "7"]
[EventType "team-swiss"]
[EventDate "2021.08.06"]

1. e4 {[%clk 00:55:06]} {[%emt 00:00:05]} e5 {[%clk 00:54:59]} {[%emt
00:00:10]} 2. Nf3 {[%clk 00:55:06]} {[%emt 00:00:05]} Nc6 {[%clk 00:54:50]}
{[%emt 00:00:14]} 3. Bc4 {[%clk 00:55:04]} {[%emt 00:00:07]} Bc5 {[%clk
00:54:40]} {[%emt 00:00:15]} 4. c3 {[%clk 00:55:02]} {[%emt 00:00:07]} Nf6
{[%clk 00:54:34]} {[%emt 00:00:11]} 5. d4 {[%clk 00:54:58]} {[%emt 00:00:09]}
Na5 {[%clk 00:53:12]} {[%emt 00:01:27]} 6. Bxf7+ {[%clk 00:53:55]} {[%emt
00:01:07]} Kxf7 {[%clk 00:52:44]} {[%emt 00:00:34]} 7. dxc5 {[%clk 00:53:48]}
{[%emt 00:00:12]} Re8 {[%clk 00:52:03]} {[%emt 00:00:45]} 8. Nbd2 {[%clk
00:51:02]} {[%emt 00:02:52]} Kg8 {[%clk 00:51:36]} {[%emt 00:00:31]} 9. Qe2
{[%clk 00:50:12]} {[%emt 00:00:56]} d6 {[%clk 00:51:07]} {[%emt 00:00:34]} 10.
cxd6 {[%clk 00:47:39]} {[%emt 00:02:38]} Qxd6 {[%clk 00:50:55]} {[%emt
00:00:16]} 11. O-O {[%clk 00:44:42]} {[%emt 00:03:01]} Nc6 {[%clk 00:49:52]}
{[%emt 00:01:10]} 12. Nc4 {[%clk 00:42:46]} {[%emt 00:02:00]} Qc5 {[%clk
00:49:17]} {[%emt 00:00:39]} 13. Be3 {[%clk 00:42:21]} {[%emt 00:00:31]} Qb5
{[%clk 00:49:01]} {[%emt 00:00:21]} 14. a4 {[%clk 00:41:51]} {[%emt 00:00:35]}
Qa6 {[%clk 00:47:18]} {[%emt 00:01:47]} 15. b4 {[%clk 00:40:16]} {[%emt
00:01:41]} b5 {[%clk 00:46:20]} {[%emt 00:01:03]} 16. axb5 {[%clk 00:39:18]}
{[%emt 00:01:03]} Qxb5 {[%clk 00:46:12]} {[%emt 00:00:13]} 17. Bc5 {[%clk
00:36:25]} {[%emt 00:02:57]} Be6 {[%clk 00:45:48]} {[%emt 00:00:31]} 18. Nfd2
{[%clk 00:35:37]} {[%emt 00:00:52]} Red8 {[%clk 00:45:12]} {[%emt 00:00:42]}
19. Rfe1 {[%clk 00:32:44]} {[%emt 00:02:57]} Nh5 {[%clk 00:41:54]} {[%emt
00:03:23]} 20. Na5 {[%clk 00:29:06]} {[%emt 00:03:44]} Qxe2 {[%clk 00:41:28]}
{[%emt 00:00:31]} 21. Rxe2 {[%clk 00:28:57]} {[%emt 00:00:13]} Nxa5 {[%clk
00:40:49]} {[%emt 00:00:45]} 22. Rxa5 {[%clk 00:28:24]} {[%emt 00:00:38]} Nf4
{[%clk 00:40:38]} {[%emt 00:00:16]} 23. Re1 {[%clk 00:27:09]} {[%emt 00:01:19]}
Rxd2 {[%clk 00:40:12]} {[%emt 00:00:29]} 24. Be3 {[%clk 00:26:55]} {[%emt
00:00:21]} Rc2 {[%clk 00:39:43]} {[%emt 00:00:33]} 25. Rxe5 {[%clk 00:26:47]}
{[%emt 00:00:14]} Nd3 {[%clk 00:38:41]} {[%emt 00:01:08]} 26. Rxe6 {[%clk
00:25:52]} {[%emt 00:00:59]} Nxe1 {[%clk 00:38:29]} {[%emt 00:00:15]} 27. Rc6
{[%clk 00:25:37]} {[%emt 00:00:22]} Rb8 {[%clk 00:37:24]} {[%emt 00:01:10]} 28.
Rxc7 {[%clk 00:25:23]} {[%emt 00:00:19]} Rxb4 {[%clk 00:37:11]} {[%emt
00:00:18]} 29. Rc8+ {[%clk 00:25:07]} {[%emt 00:00:21]} Kf7 {[%clk 00:37:00]}
{[%emt 00:00:17]} 30. Rc7+ {[%clk 00:24:50]} {[%emt 00:00:21]} Kg6 {[%clk
00:36:42]} {[%emt 00:00:21]} 31. Rc6+ {[%clk 00:24:27]} {[%emt 00:00:30]} Kf7
{[%clk 00:36:01]} {[%emt 00:00:46]} 32. Rc7+ {[%clk 00:24:18]} {[%emt
00:00:16]} Ke8 {[%clk 00:35:54]} {[%emt 00:00:10]} 33. Rxa7 {[%clk 00:23:42]}
{[%emt 00:00:41]} Rb1 {[%clk 00:35:38]} {[%emt 00:00:22]} 34. Ra8+ {[%clk
00:23:07]} {[%emt 00:00:40]} Kd7 {[%clk 00:35:33]} {[%emt 00:00:10]} 35. Ra7+
{[%clk 00:22:57]} {[%emt 00:00:14]} Kc6 {[%clk 00:35:13]} {[%emt 00:00:26]} 36.
Ra6+ {[%clk 00:22:48]} {[%emt 00:00:15]} Kb7 {[%clk 00:34:23]} {[%emt
00:00:54]} 37. Ra7+ {[%clk 00:22:23]} {[%emt 00:00:30]} Kb8 {[%clk 00:34:19]}
{[%emt 00:00:09]} 38. h3 {[%clk 00:22:04]} {[%emt 00:00:23]} Nf3# {[%clk
00:33:48]} {[%emt 00:00:30]} 0-1

[Event "DVM U10 2020"]
[Site "Magdeburg GER"]
[Date "2021.08.07"]
[Round "3"]
[White "Malinowsky, Levi"]
[Black "Thümler, Floris"]
[Result "1/2-1/2"]
[Termination "normal"]
[Board "3.1"]
[WhiteElo "1593"]
[BlackElo "1315"]
[WhiteClock "00:16:20"]
[BlackClock "00:12:00"]
[WhiteTeam "SK Doppelbauer Kiel"]
[BlackTeam "SV Königsjäger Süd-West e.V."]
[PlyCount "54"]
[WhiteFideId "16253094"]
[BlackFideId "16296435"]
[EventCountry "GER"]
[EventRounds "7"]
[EventType "team-swiss"]
[EventDate "2021.08.06"]

1. e4 {[%clk 00:55:05]} {[%emt 00:00:05]} e5 {[%clk 00:54:56]} {[%emt
00:00:13]} 2. Nf3 {[%clk 00:54:59]} {[%emt 00:00:11]} Nc6 {[%clk 00:54:45]}
{[%emt 00:00:15]} 3. Bb5 {[%clk 00:54:43]} {[%emt 00:00:23]} a6 {[%clk
00:54:28]} {[%emt 00:00:21]} 4. Bxc6 {[%clk 00:54:18]} {[%emt 00:00:30]} dxc6
{[%clk 00:54:13]} {[%emt 00:00:20]} 5. O-O {[%clk 00:53:53]} {[%emt 00:00:30]}
Bg4 {[%clk 00:54:01]} {[%emt 00:00:17]} 6. h3 {[%clk 00:53:05]} {[%emt
00:00:55]} h5 {[%clk 00:53:45]} {[%emt 00:00:20]} 7. d3 {[%clk 00:52:25]}
{[%emt 00:00:45]} Bd6 {[%clk 00:51:32]} {[%emt 00:02:18]} 8. Nbd2 {[%clk
00:50:01]} {[%emt 00:02:30]} Qf6 {[%clk 00:49:25]} {[%emt 00:02:11]} 9. Re1
{[%clk 00:48:28]} {[%emt 00:01:39]} Ne7 {[%clk 00:46:38]} {[%emt 00:02:51]} 10.
Nf1 {[%clk 00:45:35]} {[%emt 00:02:58]} Bxf3 {[%clk 00:44:28]} {[%emt
00:02:16]} 11. Qxf3 {[%clk 00:45:11]} {[%emt 00:00:28]} Qxf3 {[%clk 00:43:52]}
{[%emt 00:00:40]} 12. gxf3 {[%clk 00:45:10]} {[%emt 00:00:07]} f5 {[%clk
00:42:19]} {[%emt 00:01:37]} 13. Bg5 {[%clk 00:40:11]} {[%emt 00:05:06]} f4
{[%clk 00:39:31]} {[%emt 00:02:52]} 14. Nd2 {[%clk 00:37:25]} {[%emt 00:02:51]}
Ng6 {[%clk 00:36:56]} {[%emt 00:02:39]} 15. Kf1 {[%clk 00:35:42]} {[%emt
00:01:50]} Be7 {[%clk 00:33:24]} {[%emt 00:03:36]} 16. Bxe7 {[%clk 00:35:25]}
{[%emt 00:00:22]} Kxe7 {[%clk 00:32:33]} {[%emt 00:00:56]} 17. Ke2 {[%clk
00:34:25]} {[%emt 00:01:04]} Kf6 {[%clk 00:31:30]} {[%emt 00:01:09]} 18. Rg1
{[%clk 00:32:45]} {[%emt 00:01:44]} Ne7 {[%clk 00:28:02]} {[%emt 00:03:32]} 19.
Nc4 {[%clk 00:30:21]} {[%emt 00:02:31]} c5 {[%clk 00:23:21]} {[%emt 00:04:44]}
20. Na5 {[%clk 00:28:41]} {[%emt 00:01:47]} b6 {[%clk 00:23:00]} {[%emt
00:00:26]} 21. Nb3 {[%clk 00:27:28]} {[%emt 00:01:18]} Nc6 {[%clk 00:21:27]}
{[%emt 00:01:38]} 22. c3 {[%clk 00:23:49]} {[%emt 00:03:45]} Rad8 {[%clk
00:20:06]} {[%emt 00:01:24]} 23. h4 {[%clk 00:22:04]} {[%emt 00:01:51]} Rd7
{[%clk 00:19:29]} {[%emt 00:00:41]} 24. Rg5 {[%clk 00:20:32]} {[%emt 00:01:39]}
g6 {[%clk 00:18:17]} {[%emt 00:01:16]} 25. Rag1 {[%clk 00:19:47]} {[%emt
00:00:50]} Ne7 {[%clk 00:17:48]} {[%emt 00:00:33]} 26. Rd1 {[%clk 00:17:13]}
{[%emt 00:02:41]} Rhd8 {[%clk 00:15:55]} {[%emt 00:01:57]} 27. Rgg1 {[%clk
00:16:20]} {[%emt 00:00:58]} Nc6 {[%clk 00:12:00]} {[%emt 00:03:59]} 1/2-1/2

[Event "DVM U10 2020"]
[Site "Magdeburg GER"]
[Date "2021.08.07"]
[Round "3"]
[White "Schäfer, Benjamin"]
[Black "Farokhi, Darian"]
[Result "1/2-1/2"]
[Termination "normal"]
[Board "3.2"]
[WhiteElo "1364"]
[BlackElo "1182"]
[WhiteClock "00:26:37"]
[BlackClock "00:20:48"]
[WhiteTeam "SV Königsjäger Süd-West e.V."]
[BlackTeam "SK Doppelbauer Kiel"]
[PlyCount "85"]
[WhiteFideId "34616390"]
[BlackFideId "16253108"]
[EventCountry "GER"]
[EventRounds "7"]
[EventType "team-swiss"]
[EventDate "2021.08.06"]

1. d4 {[%clk 00:55:03]} {[%emt 00:00:08]} Nf6 {[%clk 00:55:05]} {[%emt
00:00:04]} 2. c4 {[%clk 00:55:01]} {[%emt 00:00:07]} c5 {[%clk 00:55:01]}
{[%emt 00:00:09]} 3. e3 {[%clk 00:54:47]} {[%emt 00:00:19]} cxd4 {[%clk
00:54:59]} {[%emt 00:00:07]} 4. exd4 {[%clk 00:54:45]} {[%emt 00:00:08]} d5
{[%clk 00:54:54]} {[%emt 00:00:09]} 5. Be3 {[%clk 00:54:29]} {[%emt 00:00:21]}
e6 {[%clk 00:54:42]} {[%emt 00:00:17]} 6. Nf3 {[%clk 00:54:06]} {[%emt
00:00:28]} Nc6 {[%clk 00:54:14]} {[%emt 00:00:33]} 7. Nc3 {[%clk 00:53:27]}
{[%emt 00:00:44]} Bb4 {[%clk 00:53:55]} {[%emt 00:00:24]} 8. Qc2 {[%clk
00:52:01]} {[%emt 00:01:32]} O-O {[%clk 00:51:10]} {[%emt 00:02:50]} 9. Be2
{[%clk 00:50:48]} {[%emt 00:01:17]} Qd7 {[%clk 00:48:39]} {[%emt 00:02:36]} 10.
O-O {[%clk 00:49:45]} {[%emt 00:01:08]} Be7 {[%clk 00:48:23]} {[%emt 00:00:21]}
11. cxd5 {[%clk 00:48:29]} {[%emt 00:01:21]} Nxd5 {[%clk 00:48:18]} {[%emt
00:00:10]} 12. Nxd5 {[%clk 00:48:16]} {[%emt 00:00:18]} Qxd5 {[%emt 00:00:17]}
13. Bd3 {[%clk 00:47:24]} {[%emt 00:00:56]} g6 {[%clk 00:44:58]} {[%emt
00:03:14]} 14. Bh6 {[%clk 00:46:49]} {[%emt 00:00:41]} Rd8 {[%clk 00:44:48]}
{[%emt 00:00:14]} 15. Be4 {[%clk 00:44:46]} {[%emt 00:02:07]} Nxd4 {[%clk
00:42:20]} {[%emt 00:02:34]} 16. Nxd4 {[%emt 00:00:31]} Qxd4 {[%clk 00:42:16]}
{[%emt 00:00:07]} 17. Rad1 {[%clk 00:44:05]} {[%emt 00:00:23]} Qf6 {[%clk
00:41:33]} {[%emt 00:00:47]} 18. Rxd8+ {[%clk 00:42:26]} {[%emt 00:01:44]} Bxd8
{[%clk 00:41:21]} {[%emt 00:00:17]} 19. Re1 {[%clk 00:42:04]} {[%emt 00:00:27]}
g5 {[%clk 00:40:11]} {[%emt 00:01:15]} 20. Bxh7+ {[%clk 00:41:00]} {[%emt
00:01:10]} Kh8 {[%clk 00:40:02]} {[%emt 00:00:14]} 21. Bf8 {[%clk 00:40:47]}
{[%emt 00:00:17]} Bb6 {[%clk 00:37:59]} {[%emt 00:02:08]} 22. Rd1 {[%clk
00:38:35]} {[%emt 00:02:17]} Qxf2+ {[%clk 00:36:34]} {[%emt 00:01:30]} 23. Qxf2
{[%clk 00:37:39]} {[%emt 00:01:01]} Bxf2+ {[%clk 00:36:16]} {[%emt 00:00:23]}
24. Kxf2 {[%clk 00:37:40]} {[%emt 00:00:04]} Kxh7 {[%clk 00:36:08]} {[%emt
00:00:13]} 25. Rd8 {[%clk 00:36:39]} {[%emt 00:01:06]} Kg6 {[%clk 00:34:49]}
{[%emt 00:01:24]} 26. Be7 {[%clk 00:35:39]} {[%emt 00:01:05]} b6 {[%clk
00:33:42]} {[%emt 00:01:12]} 27. Rg8+ {[%clk 00:35:21]} {[%emt 00:00:22]} Kh7
{[%clk 00:31:58]} {[%emt 00:01:50]} 28. Rxg5 {[%clk 00:35:02]} {[%emt
00:00:24]} Bb7 {[%clk 00:31:17]} {[%emt 00:00:47]} 29. Bf6 {[%clk 00:33:57]}
{[%emt 00:01:10]} Rg8 {[%clk 00:30:24]} {[%emt 00:00:58]} 30. Rxg8 {[%clk
00:33:34]} {[%emt 00:00:28]} Kxg8 {[%clk 00:30:16]} {[%emt 00:00:12]} 31. g3
{[%clk 00:33:13]} {[%emt 00:00:26]} Kh7 {[%clk 00:30:12]} {[%emt 00:00:09]} 32.
Bd4 {[%clk 00:32:29]} {[%emt 00:00:49]} Kg6 {[%clk 00:29:51]} {[%emt 00:00:26]}
33. Ke3 {[%clk 00:32:08]} {[%emt 00:00:26]} Bc6 {[%clk 00:29:20]} {[%emt
00:00:37]} 34. h4 {[%clk 00:30:06]} {[%emt 00:02:07]} f6 {[%clk 00:25:57]}
{[%emt 00:03:28]} 35. h5+ {[%clk 00:28:51]} {[%emt 00:01:20]} Kxh5 {[%clk
00:24:26]} {[%emt 00:01:36]} 36. Bxf6 {[%clk 00:28:47]} {[%emt 00:00:08]} Kg4
{[%clk 00:24:23]} {[%emt 00:00:08]} 37. Be5 {[%clk 00:28:45]} {[%emt 00:00:07]}
Kf5 {[%clk 00:23:34]} {[%emt 00:00:54]} 38. Kd4 {[%clk 00:28:16]} {[%emt
00:00:35]} Kg4 {[%clk 00:22:06]} {[%emt 00:01:32]} 39. Bb8 {[%clk 00:27:45]}
{[%emt 00:00:37]} a6 {[%clk 00:21:07]} {[%emt 00:01:04]} 40. Ke5 {[%clk
00:26:37]} {[%emt 00:01:13]} Bd5 {[%clk 00:20:48]} {[%emt 00:00:23]} 41. Kd6
{[%emt 00:02:02]} Kxg3 {[%emt 00:00:01]} 42. Kc7 Kg4 43. Kd6 {[%emt 00:00:04]}
1/2-1/2

[Event "DVM U10 2020"]
[Site "Magdeburg GER"]
[Date "2021.08.07"]
[Round "3"]
[White "Rempe, Lennik"]
[Black "Hafener, Arne"]
[Result "1-0"]
[Termination "normal"]
[Board "3.3"]
[WhiteElo "1086"]
[BlackElo "1079"]
[WhiteClock "00:08:53"]
[BlackClock "00:15:59"]
[WhiteTeam "SK Doppelbauer Kiel"]
[BlackTeam "SV Königsjäger Süd-West e.V."]
[PlyCount "87"]
[WhiteFideId "16248031"]
[EventCountry "GER"]
[EventRounds "7"]
[EventType "team-swiss"]
[EventDate "2021.08.06"]

1. e4 {[%clk 00:55:06]} {[%emt 00:00:05]} e5 {[%clk 00:55:00]} {[%emt
00:00:08]} 2. Nf3 {[%clk 00:55:03]} {[%emt 00:00:08]} Nc6 {[%clk 00:54:54]}
{[%emt 00:00:11]} 3. Nc3 {[%clk 00:54:58]} {[%emt 00:00:10]} Bc5 {[%clk
00:54:45]} {[%emt 00:00:14]} 4. Nxe5 {[%clk 00:54:53]} {[%emt 00:00:11]} Nxe5
{[%clk 00:54:03]} {[%emt 00:00:46]} 5. d4 {[%clk 00:54:44]} {[%emt 00:00:13]}
Bxd4 {[%clk 00:53:40]} {[%emt 00:00:30]} 6. Qxd4 {[%clk 00:54:32]} {[%emt
00:00:14]} Nc6 {[%clk 00:53:00]} {[%emt 00:00:46]} 7. Qd1 {[%clk 00:54:28]}
{[%emt 00:00:10]} Nf6 {[%clk 00:52:04]} {[%emt 00:01:01]} 8. Bd3 {[%clk
00:54:09]} {[%emt 00:00:23]} d5 {[%clk 00:50:55]} {[%emt 00:01:15]} 9. O-O
{[%clk 00:49:25]} {[%emt 00:04:48]} Be6 {[%clk 00:46:32]} {[%emt 00:04:30]} 10.
Re1 {[%clk 00:48:01]} {[%emt 00:01:27]} Nb4 {[%clk 00:45:04]} {[%emt 00:01:34]}
11. exd5 {[%clk 00:45:00]} {[%emt 00:03:04]} Nfxd5 {[%clk 00:43:18]} {[%emt
00:01:54]} 12. Bf5 {[%clk 00:43:06]} {[%emt 00:01:57]} Qf6 {[%clk 00:41:27]}
{[%emt 00:01:58]} 13. Nxd5 {[%clk 00:39:57]} {[%emt 00:03:12]} Nxd5 {[%clk
00:40:38]} {[%emt 00:00:56]} 14. Bxe6 {[%clk 00:36:04]} {[%emt 00:03:58]} fxe6
{[%clk 00:39:58]} {[%emt 00:00:45]} 15. Qxd5 {[%clk 00:32:53]} {[%emt
00:03:15]} O-O {[%clk 00:38:17]} {[%emt 00:01:47]} 16. Qxe6+ {[%clk 00:32:42]}
{[%emt 00:00:15]} Qxe6 {[%clk 00:37:44]} {[%emt 00:00:39]} 17. Rxe6 {[%clk
00:32:41]} {[%emt 00:00:05]} Rad8 {[%clk 00:37:21]} {[%emt 00:00:28]} 18. Bg5
{[%clk 00:32:21]} {[%emt 00:00:24]} Rd5 {[%clk 00:36:37]} {[%emt 00:00:51]} 19.
Be3 {[%clk 00:31:40]} {[%emt 00:00:44]} Rfd8 {[%clk 00:35:59]} {[%emt
00:00:43]} 20. h3 {[%clk 00:27:36]} {[%emt 00:04:09]} Kf7 {[%clk 00:35:09]}
{[%emt 00:00:56]} 21. Re4 {[%clk 00:24:46]} {[%emt 00:02:54]} a6 {[%clk
00:34:20]} {[%emt 00:00:56]} 22. Re1 {[%clk 00:24:16]} {[%emt 00:00:34]} Kf6
{[%clk 00:32:20]} {[%emt 00:02:06]} 23. Bf4 {[%clk 00:21:19]} {[%emt 00:03:01]}
h5 {[%clk 00:29:07]} {[%emt 00:03:19]} 24. Re5 {[%clk 00:19:58]} {[%emt
00:01:24]} Rxe5 {[%clk 00:25:15]} {[%emt 00:04:00]} 25. Bxe5+ {[%clk 00:19:45]}
{[%emt 00:00:17]} Kf5 {[%clk 00:24:46]} {[%emt 00:00:35]} 26. Bxg7 {[%clk
00:19:14]} {[%emt 00:00:35]} Rd2 {[%clk 00:24:36]} {[%emt 00:00:14]} 27. Re7
{[%clk 00:17:28]} {[%emt 00:01:51]} Rxc2 {[%clk 00:24:17]} {[%emt 00:00:25]}
28. Rd7 {[%clk 00:16:46]} {[%emt 00:00:46]} a5 {[%clk 00:23:51]} {[%emt
00:00:31]} 29. Rd5+ {[%clk 00:16:00]} {[%emt 00:00:50]} Kg6 {[%clk 00:23:28]}
{[%emt 00:00:30]} 30. Be5 {[%clk 00:14:40]} {[%emt 00:01:25]} a4 {[%clk
00:23:07]} {[%emt 00:00:25]} 31. Ra5 {[%clk 00:14:17]} {[%emt 00:00:28]} Rc4
{[%clk 00:21:23]} {[%emt 00:01:49]} 32. b3 {[%clk 00:11:35]} {[%emt 00:02:48]}
axb3 {[%clk 00:19:53]} {[%emt 00:01:35]} 33. axb3 {[%clk 00:11:22]} {[%emt
00:00:18]} Rb4 {[%clk 00:19:21]} {[%emt 00:00:30]} 34. Ra3 {[%clk 00:09:15]}
{[%emt 00:02:18]} Kf5 {[%clk 00:19:12]} {[%emt 00:00:16]} 35. Bxc7 {[%clk
00:09:13]} {[%emt 00:00:05]} Ke6 {[%clk 00:18:45]} {[%emt 00:00:17]} 36. Bg3
{[%clk 00:09:18]} Kd5 {[%clk 00:18:32]} {[%emt 00:00:34]} 37. f4 {[%clk
00:09:13]} {[%emt 00:00:10]} Ke4 {[%clk 00:18:21]} {[%emt 00:00:15]} 38. Ra4
{[%clk 00:09:11]} {[%emt 00:00:07]} Rxa4 {[%clk 00:17:22]} {[%emt 00:01:04]}
39. bxa4 {[%clk 00:09:11]} {[%emt 00:00:05]} b6 {[%clk 00:17:14]} {[%emt
00:00:14]} 40. Bh2 {[%clk 00:09:10]} {[%emt 00:00:06]} h4 {[%clk 00:16:57]}
{[%emt 00:00:21]} 41. g3 {[%clk 00:09:10]} {[%emt 00:00:05]} hxg3 {[%clk
00:16:38]} {[%emt 00:00:25]} 42. Bxg3 {[%emt 00:00:04]} Kf5 {[%emt 00:00:12]}
43. Bf2 {[%clk 00:08:55]} {[%emt 00:00:04]} Kxf4 {[%clk 00:15:59]} {[%emt
00:00:44]} 44. Bxb6 {[%clk 00:08:53]} {[%emt 00:00:06]} 1-0

[Event "DVM U10 2020"]
[Site "Magdeburg GER"]
[Date "2021.08.07"]
[Round "3"]
[White "Weng, Hao"]
[Black "Charchulla, Moritz"]
[Result "0-1"]
[Termination "normal"]
[Board "3.4"]
[WhiteElo "1007"]
[BlackElo "934"]
[WhiteClock "00:32:20"]
[BlackClock "00:45:02"]
[WhiteTeam "SV Königsjäger Süd-West e.V."]
[BlackTeam "SK Doppelbauer Kiel"]
[PlyCount "50"]
[WhiteFideId "16268261"]
[BlackFideId "34607579"]
[EventCountry "GER"]
[EventRounds "7"]
[EventType "team-swiss"]
[EventDate "2021.08.06"]

1. e4 {[%clk 00:55:07]} {[%emt 00:00:01]} e5 {[%clk 00:55:07]} {[%emt
00:00:05]} 2. Nf3 {[%clk 00:55:01]} {[%emt 00:00:10]} Nc6 {[%clk 00:55:04]}
{[%emt 00:00:08]} 3. Bc4 {[%clk 00:55:01]} {[%emt 00:00:05]} Nf6 {[%clk
00:55:03]} {[%emt 00:00:06]} 4. d3 {[%clk 00:54:23]} {[%emt 00:00:43]} d6
{[%clk 00:54:18]} {[%emt 00:00:50]} 5. Nc3 {[%clk 00:54:21]} {[%emt 00:00:07]}
Bg4 {[%clk 00:54:10]} {[%emt 00:00:13]} 6. Be3 {[%clk 00:53:30]} {[%emt
00:00:56]} Be7 {[%clk 00:53:37]} {[%emt 00:00:38]} 7. h3 {[%clk 00:52:41]}
{[%emt 00:00:55]} Bh5 {[%clk 00:53:20]} {[%emt 00:00:21]} 8. g4 {[%clk
00:52:02]} {[%emt 00:00:44]} Bg6 {[%clk 00:53:04]} {[%emt 00:00:21]} 9. Qe2
{[%clk 00:51:01]} {[%emt 00:01:05]} O-O {[%clk 00:52:33]} {[%emt 00:00:37]} 10.
O-O-O {[%clk 00:50:36]} {[%emt 00:00:29]} a6 {[%clk 00:52:10]} {[%emt
00:00:29]} 11. Rdg1 {[%clk 00:49:51]} {[%emt 00:00:46]} b5 {[%clk 00:51:53]}
{[%emt 00:00:27]} 12. Bd5 {[%clk 00:49:02]} {[%emt 00:00:52]} Nxd5 {[%clk
00:51:42]} {[%emt 00:00:17]} 13. Nxd5 {[%clk 00:48:15]} {[%emt 00:00:20]} a5
{[%clk 00:51:07]} {[%emt 00:01:12]} 14. Nxe7+ {[%clk 00:46:47]} {[%emt
00:01:33]} Qxe7 {[%clk 00:51:00]} {[%emt 00:00:13]} 15. h4 {[%clk 00:46:18]}
{[%emt 00:00:34]} h6 {[%clk 00:50:08]} {[%emt 00:00:56]} 16. g5 {[%clk
00:45:26]} {[%emt 00:00:34]} h5 {[%clk 00:49:29]} {[%emt 00:01:07]} 17. Kb1
{[%clk 00:44:40]} {[%emt 00:00:52]} a4 {[%clk 00:48:28]} {[%emt 00:01:05]} 18.
a3 {[%clk 00:43:34]} {[%emt 00:01:00]} b4 {[%clk 00:48:28]} {[%emt 00:00:17]}
19. axb4 {[%clk 00:41:32]} {[%emt 00:02:06]} Nxb4 {[%clk 00:48:16]} {[%emt
00:00:17]} 20. Bd2 {[%clk 00:39:53]} {[%emt 00:01:44]} Rfb8 {[%clk 00:47:41]}
{[%emt 00:00:40]} 21. Bc3 {[%clk 00:36:25]} {[%emt 00:03:32]} a3 {[%clk
00:47:09]} {[%emt 00:00:38]} 22. b3 {[%clk 00:35:32]} {[%emt 00:00:59]} a2+
{[%clk 00:45:40]} {[%emt 00:01:33]} 23. Kb2 {[%clk 00:35:03]} {[%emt 00:00:33]}
d5 {[%clk 00:45:20]} {[%emt 00:00:26]} 24. Ra1 {[%clk 00:33:25]} {[%emt
00:01:43]} d4 {[%clk 00:45:13]} {[%emt 00:00:12]} 25. Rxa2 {[%clk 00:32:20]}
{[%emt 00:01:11]} dxc3+ {[%clk 00:45:02]} {[%emt 00:00:16]} 0-1

[Event "DVM U10 2020"]
[Site "Magdeburg GER"]
[Date "2021.08.07"]
[Round "3"]
[White "Gulamzada, Elmir"]
[Black "Nguyen, Bach Khoi"]
[Result "0-1"]
[Termination "normal"]
[Board "4.1"]
[WhiteElo "1390"]
[BlackElo "1086"]
[WhiteClock "00:21:07"]
[BlackClock "00:33:51"]
[WhiteTeam "SV Werder Bremen"]
[BlackTeam "TSG Oberschöneweide e.V."]
[PlyCount "38"]
[WhiteFideId "34604332"]
[BlackFideId "34600256"]
[EventCountry "GER"]
[EventRounds "7"]
[EventType "team-swiss"]
[EventDate "2021.08.06"]

1. e4 {[%clk 00:54:59]} {[%emt 00:00:11]} e5 {[%clk 00:55:02]} {[%emt
00:00:08]} 2. Nf3 {[%clk 00:55:01]} {[%emt 00:00:04]} Nc6 {[%clk 00:54:56]}
{[%emt 00:00:11]} 3. Bc4 {[%clk 00:54:36]} {[%emt 00:00:29]} Nf6 {[%clk
00:54:42]} {[%emt 00:00:19]} 4. O-O {[%clk 00:54:10]} {[%emt 00:00:32]} Bc5
{[%clk 00:53:24]} {[%emt 00:01:21]} 5. d3 {[%clk 00:52:56]} {[%emt 00:01:21]}
d6 {[%clk 00:52:37]} {[%emt 00:00:51]} 6. c3 {[%clk 00:51:10]} {[%emt
00:01:51]} a6 {[%clk 00:52:01]} {[%emt 00:00:40]} 7. d4 {[%clk 00:50:42]}
{[%emt 00:00:35]} exd4 {[%clk 00:50:06]} {[%emt 00:02:00]} 8. cxd4 {[%clk
00:47:40]} {[%emt 00:03:06]} Ba7 {[%clk 00:48:42]} {[%emt 00:01:27]} 9. Nc3
{[%clk 00:46:55]} {[%emt 00:00:52]} O-O {[%clk 00:47:22]} {[%emt 00:01:25]} 10.
Bg5 {[%clk 00:46:10]} {[%emt 00:00:50]} Re8 {[%clk 00:45:36]} {[%emt 00:01:51]}
11. Re1 {[%clk 00:40:17]} {[%emt 00:05:57]} Bg4 {[%clk 00:42:51]} {[%emt
00:02:50]} 12. Qb3 {[%clk 00:32:20]} {[%emt 00:08:03]} Qe7 {[%clk 00:39:11]}
{[%emt 00:03:45]} 13. e5 {[%clk 00:27:41]} {[%emt 00:04:44]} Bxf3 {[%clk
00:35:08]} {[%emt 00:04:07]} 14. exf6 {[%clk 00:25:55]} {[%emt 00:01:52]} Qxe1+
{[%clk 00:35:00]} {[%emt 00:00:12]} 15. Rxe1 {[%clk 00:25:56]} Rxe1+ {[%clk
00:34:55]} {[%emt 00:00:15]} 16. Bf1 {[%clk 00:25:53]} {[%emt 00:00:08]} Nxd4
{[%clk 00:34:48]} {[%emt 00:00:11]} 17. Qc4 {[%clk 00:25:00]} {[%emt 00:00:58]}
Be2 {[%clk 00:34:15]} {[%emt 00:00:39]} 18. Nxe2 {[%emt 00:03:46]} Nxe2+ {[%clk
00:33:59]} {[%emt 00:00:19]} 19. Kh1 {[%clk 00:21:07]} {[%emt 00:00:20]} Rxf1#
{[%clk 00:33:51]} {[%emt 00:00:06]} 0-1